Fondootdača i mechanizm nalogoobloženija pribyli.

Skúmanie odvádzania fondov metódou determinovanej faktorovej analýzy vzťahu procesu zvyšovania (znižovania) hodnoty základných priemyselno-výrobných fondov a úrovne využívania výrobných kapacít. Výsledky analýzy odskúšanej v elektrotechnickom priemysle. Antiinflačný mechanizmus zdaňovania zisku.

Guardado en:
Detalles Bibliográficos
Autor principal: Molotkov, O.V
Formato: Capítulo de libro
Lenguaje:ruso
Materias:
Etiquetas: Agregar Etiqueta
Sin Etiquetas, Sea el primero en etiquetar este registro!

MARC

LEADER 00000naa a2200000 4500
001 r007630
005 20221130112847.7
041 0 |a rus 
044 |a [SU] 
245 1 0 |a Fondootdača i mechanizm nalogoobloženija pribyli.  |c O.V. Molotkov 
520 |a Skúmanie odvádzania fondov metódou determinovanej faktorovej analýzy vzťahu procesu zvyšovania (znižovania) hodnoty základných priemyselno-výrobných fondov a úrovne využívania výrobných kapacít. Výsledky analýzy odskúšanej v elektrotechnickom priemysle. Antiinflačný mechanizmus zdaňovania zisku. 
610 2 0 |a odvody 
610 2 0 |a analýza faktorová 
610 2 0 |a dane zo zisku 
610 2 0 |a elektrotechnika 
100 1 |a Molotkov, O.V.